LIBRARY analytics and metrics using data to drive decisions and services
Na minha lista:
| Formato: | Livro |
|---|---|
| Idioma: | inglês |
| Publicado em: |
Facet Publishers
2015
|
| Tags: |
Adicionar Tag
Sem tags, seja o primeiro a adicionar uma tag!
|
MARC
| LEADER | 00000nam a22000007a 4500 | ||
|---|---|---|---|
| 008 | 221222b |||||||| |||| 00| 0 eng d | ||
| 020 | |a 781856049658 | ||
| 245 | |a LIBRARY analytics and metrics |b using data to drive decisions and services |c edited by Ben Shower |g xxxi; 176p; ill | ||
| 250 | |c Showers, Ben | ||
| 260 | |b Facet Publishers |c 2015 |h London |i 699760 |i 699761 |l QA76.9.L62 |m Research description and access |m Webometrics |m Data mining |m Library science | ||
| 500 | |a It includes index | ||
| 942 | |a lcc |c BK |e Johnson |f 22/12/22 | ||
| 952 | |0 0 |1 0 |2 lcc |4 0 |6 QA00769 L62 |7 0 |9 4048 |a ED |b HOL |c QZ |d 2022-12-22 |l 0 |o QA76.9.L62 |p 2022-0007 |r 2022-12-22 00:00:00 |t 699760 |w 2022-12-22 |y BK | ||
| 952 | |0 0 |1 0 |2 lcc |4 0 |6 QA00769 L62 |7 0 |9 4049 |a ED |b HOL |c QZ |d 2022-12-22 |l 0 |o QA76.9.L62 |p 2022-0008 |r 2022-12-22 00:00:00 |t 699761 |w 2022-12-22 |y BK | ||
| 999 | |c 2033 |d 2033 | ||